[Event "FRA-chT2 Nord 0708"]
[Site "France"]
[Date "2008.03.16"]
[Round "9.6"]
[White "Bourgeois, Jean Claude"]
[Black "Saglier, Paul"]
[Result "1/2-1/2"]
[WhiteElo "1875"]
[BlackElo "1886"]
[PlyCount "51"]
[EventDate "2007.10.21"]
[EventType "team"]
[EventRounds "11"]
[EventCountry "FRA"]
[SourceTitle "EXT 2009"]
[Source "ChessBase"]
[SourceDate "2008.11.26"]
[SourceVersion "1"]
[SourceVersionDate "2008.11.26"]
[SourceQuality "1"]
[WhiteTeam "Arras"]
[BlackTeam "Le Vesinet"]
[WhiteTeamCountry "FRA"]
[BlackTeamCountry "FRA"]

1. d4 Nf6 2. Nf3 e6 3. e3 b6 4. Bd3 Bb7 5. Nbd2 Be7 6. c3 0-0 7. Qe2 d5 8. 0-0 Nbd7 9. e4 dxe4 10. Nxe4 c5 11. Nxf6+ Nxf6 12. dxc5 Bxc5 13. Bg5 Be7 14. Rad1 Qc7 15. Bxf6 Bxf6 16. Be4 Bxe4 17. Qxe4 Rac8 18. Rd2 Rfd8 19. Rfd1 g6 20. h3 Kg7 21. Qa4 Rxd2 22. Rxd2 Rd8 23. Rxd8 Bxd8 24. Nd4 Qe5 25. Nf3 Qc7 26. Nd4 1/2-1/2